000 00945nmc a2200349 a 4500
003 AR-BaBNM
005 20251128203935.0
008 011101s1989 ||||||||||||||000 | spa||
020 _a84-7046-297-0
040 _cAR-BaBNM
100 1 _aGazzano, Elena
245 1 0 _aEducación psicomotriz
250 _a6ª ed.
260 _aBogotá
_bCincel-Kapelusz
_c1989
300 0 _a96 p.
_bil.
490 0 _aGuías para el educador
_vv. 1
500 0 _aTraducción de Begoña Arce
500 0 _aPrólogo de Guido M. Martina
504 _aBibliografía p. 95-96
650 4 _aPSICOLOGIA DEL NINO
650 4 _aPSICOLOGIA DEL DESARROLLO
650 4 _aPSICOLOGIA DE LA EDUCACION
650 4 _aCONDUCTA
650 4 _aEDUCACION FISICA
650 4 _aDESARROLLO MOTOR
650 4 _aNINOS
650 4 _aACTIVIDADES SENSOMOTRICES
650 4 _aPERCEPCION
800 1 _aRioja Gómez, José
_edirector
942 _cBK
998 _cEnrique
999 _c5549
_d5549